| 000 | 00521nam a22001817a 4500 | ||
|---|---|---|---|
| 005 | 20260424132038.0 | ||
| 008 | 260424b |||||||| |||| 00| 0 eng d | ||
| 020 |
_a9798886130218 _c1595.00 |
||
| 040 | _aMAIN | ||
| 041 | _aEnglish | ||
| 082 |
_a510.76 _bMAT |
||
| 100 |
_a Bin, Xiong (ed) _926737 |
||
| 245 |
_aMathematical Olympiad _b: In China (2019-2020) Problems And Solution |
||
| 260 |
_aSingapore _b World Scientific _c2024 |
||
| 300 |
_a281 _bVol.19th |
||
| 650 |
_aMathematics (PM USHA) _926738 |
||
| 942 | _cBK | ||
| 999 |
_c60729 _d60729 |
||